Statistics for Animal Stereotypes

Click here to take the quiz!

General Stats

  • This quiz has been taken 27,050 times
    (27,028 since last reset)
  • The average score is 19 of 26

Answer Stats

StereotypeAnimal% Correct
They have nine livesCat
100%
Man's best friendDog
100%
King of the jungleLion
100%
Tempted Eve in the gardenSnake
92%
They store water in their humpsCamel
91%
Are enraged by the color redBull
90%
Never forgetsElephant
86%
Disease carriersRat
86%
They symbolize peaceDove
84%
BlindBat
82%
BusyBee
81%
WiseOwl
78%
Bringer of newborn babiesStork
75%
They hide their heads in the sandOstrich
73%
Their stench can be undone with tomato juiceSkunk
73%
Touching them gives you wartsToad
73%
Fat, greedy, filthyPig
72%
If they stop swimming, they will dieShark
72%
Slow, patient, clever, ancientTortoise
66%
They have a three-second memory spanGoldfish
65%
QuietMouse
59%
Formal like a butlerPenguin
57%
Like to play deadOpossum
56%
Foretellers of death and destructionRaven
54%
They jump off cliffs in mass suicidesLemming
44%
Innocent, Christ-likeLamb
37%

Score Distribution

Percentile by Number Answered

Percent of People with Each Score

Your Score History

You have not taken this quiz since the last reset